Los desafíos de la educación chilena frente al siglo XXI

Salvato in:
Dettagli Bibliografici
Enti autori: Comité Técnico Asesor del Diálogo Nacional sobre la Modernización de la Educación Chilena (Autore), Comisión Nacional para la Modernización de la Educación (Autore)
Natura: Libro
Lingua:spagnolo
Pubblicazione: Santiago Universitaria 1995
Edizione:1a. ed
Serie:Colección Punta de Lanza
Soggetti:
Tags: Aggiungi Tag
Nessun Tag, puoi essere il primo ad aggiungerne!!

MARC

LEADER 00000nam a2200000 a 4500
001 UCY5446
003 CL-VaPUC
008 950508e19950000CL |||||||||||||||||spa|d
020 |a 956111139X 
082 0 4 |a 379.83  |b COM  |2 21 
110 2 |a Comité Técnico Asesor del Diálogo Nacional sobre la Modernización de la Educación Chilena  |e author  |9 334214 
710 2 |a Comisión Nacional para la Modernización de la Educación  |e author  |9 334215 
245 1 4 |a Los desafíos de la educación chilena frente al siglo XXI 
246 1 0 |a Informe de la Comisión Nacional para la Modernización de la Educación, designada por S.E. el Presidente de la República 
250 |a 1a. ed 
300 |a 190 p 
942 |c BK 
945 |d 19950508 00:00:00  |a rbrito 
260 |a Santiago  |b Universitaria  |c 1995 
650 0 |a Calidad de la educación   |9 307271 
650 0 |a Investigación educacional   |9 261192 
650 0 |a Objetivos de la educación   |9 334216 
651 7 |a CHILE  |2 CL-VaPUC  |9 334217 
583 |a last modification  |c 19950508 00:00:00  |k Rodrigo Vera 
490 0 |a Colección Punta de Lanza 
999 |c 233105  |d 233103 
952 |0 0  |1 0  |4 0  |6 379_830000000000000_COM_1995  |7 0  |8 R  |9 238279  |a BIBEDU  |b BIBEDU  |d 2019-11-18  |i 308227K  |o 379.83 COM 1995  |p 308227K  |r 2023-01-13  |w 2019-11-18  |y BK_R  |k EDU 
952 |0 0  |1 0  |4 0  |6 379_830000000000000_COM_1995  |7 0  |8 R  |9 238280  |a BIBEDU  |b BIBEDU  |d 2019-11-18  |i 3082288  |o 379.83 COM 1995  |p 3082288  |r 2023-01-13  |w 2019-11-18  |y BK_R  |k EDU 
952 |0 0  |1 0  |4 0  |6 379_830000000000000_COM_1995  |7 0  |8 R  |9 238281  |a BIBEDU  |b BIBEDU  |d 2019-11-18  |i 3737381  |o 379.83 COM 1995  |p 3737381  |r 2023-01-13  |w 2019-11-18  |y BK_R  |k EPE 
952 |0 0  |1 0  |4 0  |6 379_830000000000000_COM_1995  |7 0  |8 R  |9 238282  |a BIBEDU  |b BIBEDU  |d 2019-11-18  |i 4594800  |o 379.83 COM 1995  |p 4594800  |r 2023-01-13  |w 2019-11-18  |y BK_R  |k BME